Loading...
History - American History | 2 | 1 | 0 | 0 | 40 | 64 | 88.67 | 1 | 2 |
Social Science | 0 | 2 | 0 | 0 | 20 | 100 | 104.00 | 0 | 2 |
History - European History | 0 | 2 | 0 | 0 | 20 | 111 | 126.50 | 0 | 0 |
Fine Arts - Other Arts | 1 | 0 | 0 | 0 | 15 | 57 | 57.00 | 0 | 0 |
Mythology | 1 | 0 | 0 | 0 | 15 | 70 | 70.00 | 1 | 1 |
Literature - European Literature | 0 | 1 | 0 | 0 | 10 | 92 | 92.00 | 0 | 1 |
Fine Arts - Painting and Sculpture | 0 | 1 | 0 | 1 | 10 | 156 | 156.00 | 0 | 0 |
Literature - American Literature | 0 | 1 | 0 | 1 | 10 | 154 | 154.00 | 0 | 0 |
Modern World | 0 | 1 | 0 | 0 | 10 | 104 | 104.00 | 0 | 0 |
Other Academic | 0 | 1 | 0 | 0 | 10 | 89 | 89.00 | 0 | 1 |
Fine Arts - Classical Music and Opera | 0 | 0 | 1 | 0 | -5 | 0.00 | 0 | 0 | |
Literature - World Literature | 0 | 0 | 2 | 0 | -10 | 0.00 | 0 | 0 |